[Event "NED-ch U16"]
[Site "Assen"]
[Date "2017.04.28"]
[Round "8"]
[White "Kanbier, Guy"]
[Black "Joosse, Xander"]
[Result "0-1"]
[WhiteElo "1214"]
[BlackElo "1167"]
[PlyCount "54"]
[EventDate "2017.04.23"]
[EventType "swiss"]
[EventRounds "9"]
[EventCountry "NED"]
[SourceTitle "CBM 178 Extra"]
[Source "ChessBase"]
[SourceDate "2017.06.22"]
[SourceVersion "1"]
[SourceVersionDate "2017.06.22"]
[SourceQuality "1"]

1. e4 e5 2. Nf3 Nc6 3. d4 exd4 4. Bc4 Be7 5. Nxd4 d6 6. Nxc6 bxc6 7. 0-0 Nf6 8. Nc3 0-0 9. Qe2 Bb7 10. e5 dxe5 11. Qxe5 Bd6 12. Qe2 Qd7 13. h3 Rfe8 14. Qf3 Rab8 15. Bg5 c5 16. Qd1 Qf5 17. Bxf6 Qxf6 18. Rb1 Qf4 19. Bxf7+ Qxf7 20. Nb5 Qg6 21. g3 Bxg3 22. f3 Bf4+ 23. Kh1 Rbd8 24. Rf2 Rxd1+ 25. Rxd1 Qg3 26. Rdf1 Bxf3+ 27. Rxf3 Qh2# 0-1

[Event "NED-ch U16"]
[Site "Assen"]
[Date "2017.04.23"]
[Round "1"]
[White "Kanbier, Guy"]
[Black "Klein, Jorik"]
[Result "0-1"]
[WhiteElo "1214"]
[BlackElo "1905"]
[PlyCount "78"]
[EventDate "2017.04.23"]
[EventType "swiss"]
[EventRounds "9"]
[EventCountry "NED"]
[SourceTitle "CBM 178 Extra"]
[Source "ChessBase"]
[SourceDate "2017.06.22"]
[SourceVersion "1"]
[SourceVersionDate "2017.06.22"]
[SourceQuality "1"]

1. c4 Nf6 2. Nc3 g6 3. Nf3 Bg7 4. g3 0-0 5. Bg2 d6 6. 0-0 e5 7. d4 Nc6 8. d5 Ne7 9. Be3 Ng4 10. Qc1 f5 11. h3 Nxe3 12. fxe3 Bh6 13. Nh2 g5 14. Nd1 Ng6 15. a3 Qe8 16. Nc3 Bd7 17. a4 Qc8 18. b4 a5 19. b5 b6 20. Qd2 g4 21. hxg4 f4 22. exf4 exf4 23. gxf4 Bxf4 24. Qd4 Be5 25. Qe3 Nf4 26. Rab1 Bxg4 27. Ne4 Bd4 28. Nf6+ Rxf6 29. Qxd4 Nxe2+ 30. Kh1 Rxf1+ 31. Rxf1 Nxd4 32. Rf4 Bf3 33. Nxf3 Nxf3 34. Rxf3 Qg4 35. Kh2 Kh8 36. Rg3 Qf4 37. Kh3 Qh6+ 38. Kg4 Rg8+ 39. Kf3 Qf6+ 0-1